00000000nam 2200000za 4500
0019.852889
003CaOODSP
00520221107154707
007cr |||||||||||
008180305s1970    onc    #ob   f000 0 eng d
040 |aCaOODSP|beng
043 |an-cnm--
0861 |aR32-460/1970E-PDF
24504|aThe significant Indian treaties of the Maritimes listing |h[electronic resource].
260 |aOttawa : |bTreaties and Historical Research Centre, |c1970.
300 |a[1] p.
500 |a"March, 1970."
500 |aTitle from cover.
500 |aDigitized edition from print [produced by Indigenous and Northern Affairs Canada].
504 |aIncludes bibliographical references.
520 |aList of significant treaties from the Maritimes including details such as the Indian signators, the purpose of the treaty, what the Indian People agreed to and what the Sovereign agreed to.
69207|2gccst|aIndians
69207|2gccst|aAgreements
69207|2gccst|aCanadian history
7102 |aTreaties and Historical Research Centre (Canada)
7101 |aCanada. |bIndian and Northern Affairs Canada.
85640|qPDF|s98 KB|uhttps://publications.gc.ca/collections/collection_2018/aanc-inac/R32-460-1970-eng.pdf